| 000 | 00438nam a22001817a 4500 | ||
|---|---|---|---|
| 003 | CEME | ||
| 005 | 20210628203346.0 | ||
| 008 | 210305b xxu||||| |||| 00| 0 eng d | ||
| 020 | _a0-333-00053-6 | ||
| 040 | _c. | ||
| 082 | _a808.84 FRA | ||
| 100 |
_aFRASER, G.S _964966 |
||
| 245 | _aKeats, odes | ||
| 260 |
_aNEW YORK _bPALGRAVE _c1971 |
||
| 300 | _a244P | ||
| 650 |
_aENGLISH LITERATURE-CRITICAL ESSAYS _923602 |
||
| 942 |
_cBK _2ddc |
||
| 999 |
_c573307 _d573307 |
||